Lebo Mädveď spoločenské hry pre deti aj dospelých

Vznik a charakteristika startupu Lebo Mädveď. Ponuka produktov a silné stránky startupu Lebo Mädveď. Tržby a zisky.

Salvato in:
Dettagli Bibliografici
Autore principale: Bednár, Richard, 1985-
Natura: Capitolo di libro
Lingua:slovacco
Soggetti:
Tags: Aggiungi Tag
Nessun Tag, puoi essere il primo ad aggiungerne!!

MARC

LEADER 00000naa$a2200000$$$4500
001 0271200
005 20240502074248.4
041 0 |a slo 
044 |a SK 
245 1 0 |a Lebo Mädveď  |b spoločenské hry pre deti aj dospelých  |c Richard Bednár 
520 |a Vznik a charakteristika startupu Lebo Mädveď. Ponuka produktov a silné stránky startupu Lebo Mädveď. Tržby a zisky. 
610 2 0 |a vzdelávanie 
610 2 0 |a geografia 
610 2 0 |a hry spotrebiteľské 
610 2 0 |a dizajn 
100 1 |a Bednár, Richard, 1985-